000 00724nam a22002297a 4500
999 _c10383
_d10383
003 AR-CdUCM
008 190401b ||||| |||| 00| 0 spa d
020 _a968-29-1531-7
040 _aMUNICIPALIDAD PROVINCIAL DEL CUSCO
_cBIBLIOTECA MUNICIPAL DEL CUSCO
082 _aEP / 869.103 /
_bM36
100 _aMedero, Marinés
_927200
245 _aSol del siglo XXII /
260 _aMéxico :
_bSecretaria de educación pública
_c1987.
300 _a92 páginas ;
_c22 cm.
505 _aContenido: Literatura infantil.
650 _aLiteratura infantil
_9588
650 _aLiteratura escolar
_926679
650 _aCuentos
_9217
700 _aCantu, Gerardo (ilustraciones)
_927201
942 _2ddc
_cLIBROS
945 _adavv